[Event "Silkway Cup"]
[Site "T#646345FIDE"]
[Date "2020.05.26"]
[Round "4"]
[White "Eltaj Safarli"]
[Black "T-sanikidze"]
[Result "1/2-1/2"]
[WhiteElo "2776"]
[BlackElo "2837"]
[Annotator "TA"]
[PlyCount "76"]
[EventDate "2020.05.26"]
[EventType "swiss (blitz)"]

{[%evp 9,76,42,44,23,34,30,53,30,24,38,44,34,37,29,39,36,19,18,37,36,56,37,40,0,0,0,0,7,0,0,0,-15,0,0,0,0,14,0,0,0,0,0,31,-47,-33,-33,-13,-37,0,-145,-19,-37,0,0,0,-64,-60,-61,-66,-68,0,-69,0,0,0,-69,-70,-89,0]} 1. e4 e5 2. Nf3 Nc6 3. Bb5 a6 4. Ba4 Nge7 5. c3 g6 6. d4 {C70: Ruy Lopez: 3...a6 4 Ba4, Norwegian and Delayed Schliemann.} exd4 7. cxd4 b5 8. d5 {White is slightly better.} bxa4 9. dxc6 Nxc6 10. O-O Bg7 11. Qxa4 O-O 12. Nc3 Rb8 13. Bg5 f6 14. Bf4 Rxb2 15. Nd5 Ne5 {[#]} 16. Bxe5 $146 ({Predecessor:} 16. Nxf6+ Bxf6 17. Bxe5 Bxe5 18. Nxe5 Rb5 19. f4 d6 20. Qc4+ Kg7 21. Nc6 Qe8 22. Rac1 Bd7 23. Nb4 c6 24. Qd4+ Kg8 25. Qxd6 Qxe4 26. Qxd7 Rxb4 27. Kh1 {0-1 (27) Hou,Y (2658)-Ponomariov,R (2686) Shenzhen 2018}) 16... fxe5 17. Qc4 c6 18. Ne7+ {[%mdl 64] [#] Discovered Attack (Double check)} Kh8 19. Nxc8 Qxc8 20. Rad1 d5 $36 {[%mdl 2048] Black has good play.} 21. exd5 cxd5 22. Qxd5 e4 23. Ng5 {Strongly threatening Nf7+.} Qf5 24. Qxf5 gxf5 25. Rd7 Rc8 26. Nf7+ ({White should play} 26. Rfd1 $14 Re8 27. g3) 26... Kg8 $15 27. Nd6 Rc5 {Black wants to play ...Rd5.} 28. g3 h6 29. h4 {[#]} (29. Rd1 $11) 29... a5 (29... Rd5 $1 $17 {Threatens to win with ...Rbd2.} 30. Rd8+ Kh7) 30. a4 e3 31. fxe3 Rcc2 {( -> ...Rg2+)} 32. Rxf5 (32. Rd1 $11) 32... Rg2+ $1 33. Kf1 {Hoping for Ne4.} Rh2 $1 {[%cal Rh2h1][%mdl 1024] Black has compensation.} 34. Kg1 Rbg2+ $1 35. Kf1 {Ne4 is the strong threat.} Rb2 (35... Ra2 $1 $15 36. Rd8+ Kh7) 36. Kg1 $11 Rbg2+ ({Black should try} 36... Rhg2+ $11 37. Kf1 Rgd2) 37. Kf1 $15 {Black must now prevent Ne4.} Ra2 $1 {[%cal Rh2h1]} 38. Kg1 Rag2+ {Accuracy: White = 80%, Black = 72%.} (38... Rhg2+ $17 39. Kf1 Rgd2 40. Rd8+ Kh7) 1/2-1/2

[Event "Silkway Cup"]
[Site "T#646345FIDE"]
[Date "2020.05.26"]
[Round "4"]
[White "Kutiktau"]
[Black "GIGA QUPARADZE"]
[Result "1/2-1/2"]
[WhiteElo "2733"]
[BlackElo "1845"]
[Annotator "TA"]
[PlyCount "82"]
[EventDate "2020.05.26"]
[EventType "swiss (blitz)"]

{[%evp 10,82,18,15,22,24,16,19,29,31,37,58,70,41,42,33,27,29,32,14,72,20,83,8,64,-2,0,-12,-7,0,4,0,4,4,10,6,8,5,4,4,4,10,7,4,4,4,4,4,14,0,0,0,6,0,0,0,0,0,0,0,0,0,0,0,0,0,0,0,0,0,0,0,0,0,0]} 1. Nf3 Nf6 2. g3 b6 3. Bg2 Bb7 4. O-O g6 5. c4 Bg7 6. d4 e6 {A50: Queen's Fianchetto Defence (1 d4 Nf6 2 c4 b6).} 7. Re1 O-O 8. Bf4 d6 9. Qc2 {[#]} Be4 $146 ({Predecessor:} 9... Nbd7 10. Nc3 Qe7 11. Rad1 h6 12. e4 e5 13. dxe5 dxe5 14. Nd5 Nxd5 15. exd5 Qd6 {½-½ (53) Tomashevsky,E (2745)-Mamedyarov,S (2756) Jurmala 2015}) 10. Qc1 Bb7 11. Bh6 Nbd7 12. Bxg7 Kxg7 13. Nc3 c5 14. Qd2 Qe7 (14... d5 $11) 15. Rad1 ({White should play} 15. e4 $16) 15... Rad8 (15... d5 $11) 16. b3 (16. e4 $16) 16... cxd4 (16... Ne4 $11 17. Nxe4 Bxe4) 17. Qxd4 (17. Nxd4 $14 d5 18. cxd5 exd5 19. Rc1) 17... Nc5 $1 $11 {The position is equal.} 18. Nb5 a6 19. Nc3 ({Much worse is} 19. Nxd6 Nce4 $17) 19... Qc7 20. Ng5 Bxg2 21. Kxg2 Qc6+ 22. f3 h6 23. Nge4 e5 $132 {[%mdl 2048] Black is not keeping still} 24. Qe3 {[#] Nxf6 is the strong threat.} Nfxe4 25. Nxe4 Nxe4 26. Qxe4 Qxe4 27. fxe4 {[%mdl 4096] Endgame KRR-KRR} Kf6 28. Rd5 Ke6 29. a4 Rc8 30. Red1 Rc6 31. h4 h5 32. Rf1 (32. Kf2 {is interesting.} Ke7 33. Ra1 Rb8 34. Ra2 Rc5 35. Rd3) 32... Rc5 33. Rfd1 Rxd5 34. cxd5+ {KR-KR} Kd7 $1 35. Rc1 Rc8 36. Rxc8 Kxc8 {KP-KP} 37. g4 b5 38. axb5 axb5 39. b4 Kd7 40. gxh5 gxh5 41. Kg3 Ke7 {Accuracy: White = 83%, Black = 88%.} 1/2-1/2

[Event "Silkway Cup"]
[Site "T#646345FIDE"]
[Date "2020.05.26"]
[Round "4"]
[White "EXpresident"]
[Black "Luka oboladze"]
[Result "1/2-1/2"]
[WhiteElo "2695"]
[BlackElo "2299"]
[Annotator "RC"]
[PlyCount "127"]
[EventDate "2020.05.26"]
[EventType "swiss (blitz)"]

1. e4 {[%emt 0:00:02]} c5 {[%emt 0:00:01]} 2. Nf3 {[%emt 0:00:01]} e6 {[%emt 0:00:01]} 3. d4 {[%emt 0:00:01]} cxd4 {[%emt 0:00:00]} 4. Nxd4 {[%emt 0:00:01]} a6 {[%emt 0:00:00]} 5. Bd3 {[%emt 0:00:02]} Bc5 {[%emt 0:00:01]} 6. Nb3 {[%emt 0:00:01]} Ba7 {[%emt 0:00:00]} 7. O-O {[%emt 0:00:11]} Ne7 {[%emt 0:00:01]} 8. Qe2 {[%emt 0:00:03]} O-O {[%emt 0:00:02]} 9. c4 {[%emt 0:00:02]} Nbc6 {[%emt 0:00:01]} 10. Nc3 {[%emt 0:00:02]} d6 {[%emt 0:00:03]} 11. Be3 {[%emt 0:00:01]} Bxe3 {[%emt 0:00:03]} 12. Qxe3 {[%emt 0:00:01]} e5 {[%emt 0:00:01]} 13. Rfd1 {[%emt 0:00:02]} Be6 {[%emt 0:00:03]} 14. Rac1 {[%emt 0:00:06]} Qb8 {[%emt 0:00:16]} 15. Nd5 {[%emt 0:00:02]} Qa7 {[%emt 0:00:16]} 16. Qxa7 {[%emt 0:00:12]} Rxa7 {[%emt 0:00:02]} 17. Be2 {[%emt 0:00:00]} Rd8 {[%emt 0:00:39]} 18. c5 {[%emt 0:00:11]} Kf8 {[%emt 0:00:06]} 19. Bc4 {[%emt 0:00:55]} a5 {[%emt 0:00:17]} 20. a4 {[%emt 0:00:14]} Bxd5 {[%emt 0:00:34]} 21. exd5 {[%emt 0:00:03]} Nb4 {[%emt 0:00:02]} 22. Rd2 {[%emt 0:00:26]} dxc5 {[%emt 0:00:20]} 23. Nxc5 {[%emt 0:00:08]} b6 {[%emt 0:00:04]} 24. Ne4 {[%emt 0:00:00]} Nf5 {[%emt 0:00:20]} 25. g4 {[%emt 0:00:09]} Nd4 {[%emt 0:00:01]} 26. Kg2 {[%emt 0:00:06]} Rc7 {[%emt 0:00:01]} 27. d6 {[%emt 0:00:03]} Rc6 {[%emt 0:00:03]} 28. f4 {[%emt 0:00:02]} Na2 {[%emt 0:00:01]} 29. Bxa2 {[%emt 0:00:08]} Rxc1 {[%emt 0:00:01]} 30. fxe5 {[%emt 0:00:00]} Nc6 {[%emt 0:00:00]} 31. e6 {[%emt 0:00:02]} fxe6 {[%emt 0:00:03]} 32. Rf2+ {[%emt 0:00:01]} Ke8 {[%emt 0:00:04]} 33. Bxe6 {[%emt 0:00:00]} Ne5 {[%emt 0:00:01]} 34. Re2 {[%emt 0:00:04]} Rc6 {[%emt 0:00:08]} 35. Bd5 {[%emt 0:00:02]} Rc1 {[%emt 0:00:03]} 36. Nc3 {[%emt 0:00:01]} Rxd6 {[%emt 0:00:02]} 37. Rxe5+ {[%emt 0:00:00]} Kd7 {[%emt 0:00:00]} 38. Re2 {[%emt 0:00:01]} Rxc3 {[%emt 0:00:02]} 39. bxc3 {[%emt 0:00:02]} Rxd5 {[%emt 0:00:01]} 40. Kf3 {[%emt 0:00:01]} Rc5 {[%emt 0:00:01]} 41. Ke4 {[%emt 0:00:08]} Rc4+ {[%emt 0:00:03]} 42. Kf5 {[%emt 0:00:01]} Rxa4 {[%emt 0:00:03]} 43. Rb2 {[%emt 0:00:03]} Kc6 {[%emt 0:00:03]} 44. Re2 {[%emt 0:00:01]} Ra1 {[%emt 0:00:09]} 45. Re7 {[%emt 0:00:01]} Rf1+ {[%emt 0:00:03]} 46. Kg5 {[%emt 0:00:01]} a4 {[%emt 0:00:07]} 47. Rxg7 {[%emt 0:00:01]} Kc5 {[%emt 0:00:01]} 48. Rxh7 {[%emt 0:00:01]} Kc4 {[%emt 0:00:01]} 49. h4 {[%emt 0:00:05]} Kxc3 {[%emt 0:00:03]} 50. h5 {[%emt 0:00:00]} a3 {[%emt 0:00:01]} 51. Ra7 {[%emt 0:00:01]} Kb2 {[%emt 0:00:01]} 52. h6 {[%emt 0:00:01]} a2 {[%emt 0:00:01]} 53. h7 {[%emt 0:00:03]} Rh1 {[%emt 0:00:01]} 54. Kg6 {[%emt 0:00:00]} a1=Q {[%emt 0:00:01]} 55. Rxa1 {[%emt 0:00:01]} Kxa1 {[%emt 0:00:00]} 56. g5 {[%emt 0:00:00]} b5 {[%emt 0:00:01]} 57. Kg7 {[%emt 0:00:00]} b4 {[%emt 0:00:00]} 58. h8=Q {[%emt 0:00:00]} Rxh8 {[%emt 0:00:02]} 59. Kxh8 {[%emt 0:00:00]} b3 {[%emt 0:00:00]} 60. g6 {[%emt 0:00:00]} b2 {[%emt 0:00:00]} 61. g7 {[%emt 0:00:00]} b1=Q {[%emt 0:00:01]} 62. g8=Q {[%emt 0:00:00]} Qh1+ {[%emt 0:00:02]} 63. Qh7 {[%emt 0:00:01]} Qxh7+ {[%emt 0:00:01]} 64. Kxh7 {[%emt 0:00:01] (Lag: Av=0.66s, max=1.1s)} 1/2-1/2

[Event "Silkway Cup"]
[Site "T#646345FIDE"]
[Date "2020.05.26"]
[Round "4"]
[White "Lukiano"]
[Black "NikaVolkov"]
[Result "0-1"]
[WhiteElo "2685"]
[BlackElo "1717"]
[Annotator "TA"]
[PlyCount "124"]
[EventDate "2020.05.26"]
[EventType "swiss (blitz)"]

{[%evp 9,124,10,7,12,31,0,31,-3,0,0,0,-27,-13,-103,-35,-37,0,0,0,0,0,-25,-32,-28,-24,-54,-58,-84,-69,-83,-78,-68,-71,-101,-24,-16,83,45,137,135,125,129,122,125,257,140,139,0,0,0,0,0,0,0,0,0,0,0,13,0,282,285,306,296,326,336,322,308,381,343,361,355,369,310,358,-29997,245,200,184,177,279,272,331,233,341,345,460,0,0,0,0,0,0,0,0,0,8,0,0,0,0,0,0,0,0,0,0,0,0,0,0,0,0,-29973,-29972,-29998,-29999]} 1. e4 c5 2. b3 e6 3. Nf3 d5 4. exd5 exd5 5. Bb5+ Nc6 6. O-O {B40: Sicilian: 2...e6, Unusual lines.} Nf6 7. d4 Be7 8. dxc5 {White is slightly better.} Bxc5 9. Re1+ Be6 {[#]} 10. Nd4 $146 ({Predecessor:} 10. Be3 Bd6 11. c4 Bb4 12. Bd2 Bd6 13. cxd5 Nxd5 14. Nc3 O-O 15. Nxd5 Bxd5 16. Bc3 {0-1 (30) Makarycheva Ostrovskaya,M (2140)-Hutters,T (2445) Cappelle-la-Grande 1993}) 10... O-O 11. Be3 (11. Bxc6 $11 bxc6 12. Ba3 Bxa3 13. Nxa3) 11... Nxd4 (11... Bg4 $17 12. Nf3 Bxf3 13. gxf3 Bd6) 12. Bxd4 $15 Qb6 13. Bxc5 Qxc5 14. Bd3 Rfe8 15. Nd2 Bg4 $36 {[%mdl 2048] Black has some pressure.} 16. Rxe8+ Rxe8 17. Qc1 Be2 18. h3 Qd4 19. Nf1 Bxd3 20. cxd3 Qxd3 21. Qc5 Ne4 (21... b6 $17 22. Qb4 g6) 22. Qxa7 $11 d4 (22... h6 $11 {keeps the balance.}) 23. Re1 $16 h6 (23... Rf8 $1 $14) 24. f3 Nf6 25. Rxe8+ Nxe8 26. Qxb7 Qe2 (26... Qc3 $16) 27. Qe4 $18 d3 28. Ng3 (28. a4 $16) 28... Qd1+ $11 29. Kh2 Nf6 30. Qa8+ Kh7 {...Qe1 is the strong threat.} 31. Qd8 Qc2 32. Nf1 Qe2 33. Ng3 Qd1 34. a4 d2 $2 {[%mdl 8192]} (34... Qxb3 $11 {and Black is okay.} 35. a5 Qc4) 35. Qd3+ $18 Kg8 36. Nf1 Qe1 37. Nxd2 Qe5+ 38. Kg1 Nd5 {intending ...Qe1+.} 39. Nf1 Nf4 40. Qe3 Qd6 41. Qd2 Qc5+ 42. Qf2 $4 {[%mdl 8192]} (42. Kh2 $18 Nd5 43. Ng3) 42... Qb4 $4 {[%mdl 8192]} (42... Ne2+ $1 {mates} 43. Kh2 Qxf2 44. Kh1 Qg1#) 43. Ng3 Qxb3 {[#]} 44. a5 $1 {[%cal Ra5a6]} Qb1+ (44... Qa3 {might work better.}) 45. Kh2 Qa1 46. Qd2 g5 (46... Ne6 $142 47. Qb4 g6) 47. Nf5 {Black must now prevent Qd8+.} Kh7 48. Qc2 $2 (48. Qd4 $18 Qxd4 49. Nxd4) 48... Qxa5 $11 49. h4 Qe5 50. g3 Nh5 {Threatening ...Kg6.} 51. hxg5 hxg5 52. Kg2 Kh8 53. Qd3 {Hoping for Qd8+.} Nf6 54. Qd8+ Kh7 55. Qd3 Kg8 (55... Kh8 {keeps more tension.}) 56. Ne3 Nh5 57. Nf1 Nf6 58. Nd2 Nd5 59. Ne4 {Threatens to win with Qxd5!} Kg7 60. Qd2 g4 {Strongly threatening ...gxf3+.} 61. Nf2 $2 {[%mdl 8192] [#]} (61. Qg5+ $11 Qxg5 62. Nxg5) 61... Ne3+ 62. Kg1 Qxg3+ {[%mdl 64] Double Attack. A wild game. Accuracy: White = 66%, Black = 52%.} 0-1

[Event "Silkway Cup"]
[Site "T#646345FIDE"]
[Date "2020.05.26"]
[Round "4"]
[White "Belusi"]
[Black "MammadyarovaZ"]
[Result "0-1"]
[WhiteElo "2503"]
[BlackElo "1917"]
[Annotator "TA"]
[PlyCount "106"]
[EventDate "2020.05.26"]
[EventType "swiss (blitz)"]

{[%evp 11,106,27,31,18,30,-1,3,-46,-41,-43,-53,-67,-33,-78,-47,-79,-30,-33,-31,-65,0,-59,-54,-45,-33,-80,-91,-112,88,-54,-13,-18,-8,-45,66,43,69,0,27,-12,-11,-36,-41,-75,-67,-74,0,-65,-29,-37,-35,-43,111,99,543,540,595,-318,-310,-347,-348,-347,-349,-375,-378,-359,-341,-335,-287,-392,-383,-382,-280,-254,-262,-444,-450,-448,-447,-465,-445,-594,-566,-675,-491,-612,-589,-683,-669,-1320,-1166,-1199,-1022,-1981,-1939,-1250,-1083]} 1. d4 d5 2. Nf3 Nf6 3. c4 c6 4. e3 Bf5 5. Nc3 e6 6. Nh4 Bg6 7. Qb3 {D12: Slav Defence: 3 Nf3 Nf6 4 e3 Bf5.} Qb6 8. c5 Qc7 9. f4 {The position is equal.} b6 {[#]} 10. cxb6 $146 ({Predecessor:} 10. Nxg6 hxg6 11. cxb6 axb6 12. Be2 Be7 13. Bd2 O-O 14. O-O c5 15. Rac1 Nc6 16. Bf3 {0-1 (49) Forman,S (2274)-Rodshtein,T (2243) Czech Republic 2019}) 10... axb6 11. Bd2 Be7 12. Rc1 Qa7 13. a3 Nbd7 14. Nxg6 hxg6 15. Be2 O-O (15... b5 $15) 16. O-O (16. g4 $11) 16... Rfc8 17. g4 Ne8 18. f5 gxf5 19. gxf5 {[#]} Ndf6 $2 (19... e5 $1 $17 {and life is bright.} 20. Na2 Qb7) 20. Qc2 (20. fxe6 $16 fxe6 21. Qc2) 20... exf5 21. Qxf5 {And now Nxd5! would win.} Nd6 22. Qh3 Nde4 ({Black should try} 22... Qd7 $15 23. Qg2 g6) 23. Nxe4 $14 Nxe4 24. Be1 (24. Bd3 $1 $14) 24... Bg5 25. Bd3 Qe7 26. Rf3 c5 27. Rd1 cxd4 28. exd4 Bc1 (28... Rc1 $17 29. Rxc1 Bxc1) 29. Qf5 (29. Bb4 $11 Qe6 30. Qxe6 fxe6 31. Bxe4 dxe4 32. Rb3) 29... Qg5+ 30. Qxg5 Nxg5 31. Rf5 f6 $2 {[#]} (31... g6 $15 {keeps the upper hand.} 32. Rxd5 Nf3+ 33. Kh1 Nxe1 34. Rxe1 Bxb2) 32. Bc3 $1 $16 Kf7 $2 {[%mdl 8192]} (32... Nh3+ $16 33. Kh1 Bh6) 33. Rxc1 $18 Ke6 34. Rf4 $4 {[%mdl 8192]} (34. Re1+ $18 Ne4 35. Bxe4 dxe4 36. Rb5) 34... Nh3+ $19 {[%mdl 64] Double Attack} 35. Kf1 Nxf4 36. Re1+ Kf7 37. Bb5 Rh8 38. Kg1 Rh6 39. Bd2 g5 40. Bd7 Rd8 41. Bf5 Re8 42. Rxe8 Kxe8 {[%mdl 4096] Endgame KRN-KB} 43. a4 $2 (43. Bxf4 gxf4 44. h3) 43... Ne2+ {Black is clearly winning.} 44. Kg2 Nxd4 45. Bc8 Ke7 46. Bb7 Kd6 47. b4 Rh8 48. Be3 Nc6 49. b5 Na5 50. Bxb6 Nxb7 51. a5 Kd7 52. a6 Nd6 53. Bd4 Nxb5 {Accuracy: White = 35%, Black = 47%.} 0-1

[Event "Silkway Cup"]
[Site "T#646345FIDE"]
[Date "2020.05.26"]
[Round "4"]
[White "GadimbayliA"]
[Black "Durarbeyli Vasif"]
[Result "1/2-1/2"]
[WhiteElo "2483"]
[BlackElo "2816"]
[Annotator "TA"]
[PlyCount "77"]
[EventDate "2020.05.26"]
[EventType "swiss (blitz)"]

{[%evp 11,77,25,26,31,43,27,43,15,13,12,13,10,0,-22,35,23,79,36,71,47,50,47,108,105,96,52,112,62,175,166,457,468,433,450,438,401,422,295,317,334,327,336,317,316,330,297,300,250,239,240,298,301,289,298,284,287,293,280,405,371,275,0,0,0,258,0,0,0]} 1. e4 c5 2. Nf3 d6 3. d4 cxd4 4. Nxd4 Nf6 5. Nc3 Nc6 6. Bb5 Bd7 7. Bg5 {B56: Classical Sicilian: Unusual Lines.} a6 8. Bxc6 bxc6 9. O-O {White is slightly better.} e5 10. Nf5 {[#]} Bxf5 $146 ({Predecessor:} 10... d5 11. f4 Bxf5 12. exf5 e4 13. Qd4 Be7 14. Na4 Qa5 15. b3 O-O 16. Rad1 Rfe8 {0-1 (26) Boros,K (2048)-Vrban,M (2386) Hungary 2012}) 11. exf5 Be7 12. Re1 O-O (12... Nd7 $11 13. Bxe7 Qxe7) 13. Qf3 $1 $36 {[%mdl 2048] White is more active.} Qb6 (13... Rc8 $11 {remains equal.}) 14. b3 Rfe8 15. Bxf6 Bxf6 16. Ne4 d5 (16... Be7 $1 $14) 17. Nxf6+ $16 gxf6 18. Rad1 Kf8 ({Better is} 18... Kh8 $14) 19. c4 d4 (19... Rad8 $14) 20. Qh5 $18 c5 $2 (20... Rad8 21. Qh6+ (21. Qxh7 Qc5 $16) 21... Ke7) 21. Qh6+ ({Weaker is} 21. Qxh7 Ke7 $16) 21... Ke7 {[#]} 22. Rxe5+ $1 {[%mdl 576] Pin} Kd7 (22... fxe5 23. Qxb6) 23. Rd5+ Kc7 24. h3 Rad8 25. Qxh7 Re7 26. Rxd8 Kxd8 {[%mdl 4096] Endgame KQR-KQR} 27. Qg8+ Kd7 28. Qa8 Re5 29. Qf8 Re7 30. h4 Qa5 31. h5 {And now h6 would win.} Re1+ 32. Rxe1 Qxe1+ {KQ-KQ} 33. Kh2 {Threatens to win with h6.} Qe5+ 34. g3 Qxf5 35. Qxf7+ Kd6 {[#]} 36. Qf8+ $2 (36. Qd5+ $1 $18 Qxd5 37. cxd5) 36... Kd7 $11 37. Qf7+ $2 {[%mdl 8192]} (37. a3 $11) 37... Kd6 $18 {[#]} 38. Qf8+ $2 (38. Qd5+ $1 $18 Qxd5 39. cxd5) 38... Kd7 $11 39. Qf7+ {Accuracy: White = 71%, Black = 59%.} 1/2-1/2

[Event "Silkway Cup"]
[Site "T#646345FIDE"]
[Date "2020.05.26"]
[Round "4"]
[White "Ka ch"]
[Black "Ninullia"]
[Result "1-0"]
[WhiteElo "2235"]
[BlackElo "1633"]
[PlyCount "81"]
[EventDate "2020.05.26"]
[EventType "swiss (blitz)"]

1. e4 {[%emt 0:00:01]} e5 {[%emt 0:00:02]} 2. Nf3 {[%emt 0:00:01]} Nc6 {[%emt 0:00:01]} 3. Bc4 {[%emt 0:00:00]} Nf6 {[%emt 0:00:01]} 4. d3 {[%emt 0:00:01]} Be7 {[%emt 0:00:01]} 5. O-O {[%emt 0:00:00]} O-O {[%emt 0:00:01]} 6. Re1 {[%emt 0:00:01]} d6 {[%emt 0:00:01]} 7. a4 {[%emt 0:00:00]} Kh8 {[%emt 0:00:01]} 8. Nc3 {[%emt 0:00:01]} Ng8 {[%emt 0:00:02]} 9. Nd5 {[%emt 0:00:03]} f5 {[%emt 0:00:01]} 10. Nxe7 {[%emt 0:00:06]} Ncxe7 {[%emt 0:00:06]} 11. Ng5 {[%emt 0:00:08]} Qe8 {[%emt 0:00:25]} 12. d4 {[%emt 0:00:15]} Qg6 {[%emt 0:00:26]} 13. dxe5 {[%emt 0:00:17]} dxe5 {[%emt 0:00:11]} 14. c3 {[%emt 0:01:08]} Nc6 {[%emt 0:00:13]} 15. h4 {[%emt 0:00:43]} f4 {[%emt 0:00:10]} 16. Be2 {[%emt 0:00:07]} h6 {[%emt 0:00:38]} 17. Nf3 {[%emt 0:00:01]} Bh3 {[%emt 0:00:03]} 18. Bf1 {[%emt 0:00:01]} Bg4 {[%emt 0:00:10]} 19. Be2 {[%emt 0:00:12]} Nf6 {[%emt 0:00:18]} 20. Nh2 {[%emt 0:00:11]} Rad8 {[%emt 0:00:12]} 21. Qc2 {[%emt 0:00:01]} Bxe2 {[%emt 0:00:14]} 22. Qxe2 {[%emt 0:00:01]} Na5 {[%emt 0:00:17]} 23. Ra3 {[%emt 0:00:08]} b6 {[%emt 0:00:01]} 24. b4 {[%emt 0:00:04]} Nb7 {[%emt 0:00:01]} 25. Nf3 {[%emt 0:00:02]} Rfe8 {[%emt 0:00:04]} 26. c4 {[%emt 0:00:06]} Nd6 {[%emt 0:00:01]} 27. Bb2 {[%emt 0:00:03]} Ng4 {[%emt 0:00:02]} 28. Rd3 {[%emt 0:00:03]} Kh7 {[%emt 0:00:04]} 29. c5 {[%emt 0:00:02]} Nf7 {[%emt 0:00:02]} 30. Rd5 {[%emt 0:00:03]} Nf6 {[%emt 0:00:02]} 31. Rxd8 {[%emt 0:00:01]} Rxd8 {[%emt 0:00:01]} 32. Nxe5 {[%emt 0:00:01]} Nxe5 {[%emt 0:00:11]} 33. Bxe5 {[%emt 0:00:01]} Nh5 {[%emt 0:00:04]} 34. Bxc7 {[%emt 0:00:02]} Rf8 {[%emt 0:00:01]} 35. Qf3 {[%emt 0:00:03]} bxc5 {[%emt 0:00:01]} 36. bxc5 {[%emt 0:00:01]} Rc8 {[%emt 0:00:04]} 37. Bd6 {[%emt 0:00:01]} Nf6 {[%emt 0:00:02]} 38. e5 {[%emt 0:00:01]} Nd7 {[%emt 0:00:02]} 39. Qe4 {[%emt 0:00:05]} Qxe4 {[%emt 0:00:02]} 40. Rxe4 {[%emt 0:00:01]} Nxc5 {[%emt 0:00:01]} 41. Rc4 {[%emt 0:00:01] Time (Lag: Av=1.04s, max=1.4s)} 1-0

[Event "Silkway Cup"]
[Site "T#646345FIDE"]
[Date "2020.05.26"]
[Round "4"]
[White "gul91"]
[Black "gb_23"]
[Result "1-0"]
[WhiteElo "2031"]
[BlackElo "1773"]
[Annotator "NA"]
[PlyCount "75"]
[EventDate "2020.05.26"]
[EventType "swiss (blitz)"]

1. e4 {[%emt 0:00:03]} c5 {[%emt 0:00:01]} 2. Nf3 {[%emt 0:00:07]} d6 {[%emt 0:00:01]} 3. Bb5+ {[%emt 0:00:06]} Nd7 {[%emt 0:00:01]} 4. a4 {[%emt 0:00:01]} Ngf6 {[%emt 0:00:04]} 5. Nc3 {[%emt 0:00:01]} g6 {[%emt 0:00:07]} 6. O-O {[%emt 0:00:05]} Bg7 {[%emt 0:00:01]} 7. d3 {[%emt 0:00:01]} O-O {[%emt 0:00:03]} 8. a5 {[%emt 0:00:02]} a6 {[%emt 0:00:40]} 9. Bc4 {[%emt 0:00:02]} e6 {[%emt 0:00:11]} 10. Bb3 {[%emt 0:00:19]} Nb8 {[%emt 0:00:04]} 11. Bd2 {[%emt 0:00:03]} Nc6 {[%emt 0:00:03]} 12. Ne2 {[%emt 0:00:04]} d5 {[%emt 0:00:07]} 13. Ng3 {[%emt 0:00:10]} dxe4 {[%emt 0:00:14]} 14. dxe4 {[%emt 0:00:02]} Nd7 {[%emt 0:00:09]} 15. Qc1 {[%emt 0:00:10]} Nde5 {[%emt 0:00:19]} 16. Nxe5 {[%emt 0:00:04]} Nxe5 {[%emt 0:00:06]} 17. Bc3 {[%emt 0:00:22]} Nc6 {[%emt 0:00:08]} 18. Bxg7 {[%emt 0:00:16]} Kxg7 {[%emt 0:00:00]} 19. f4 {[%emt 0:00:04]} f5 {[%emt 0:00:22]} 20. Qe1 {[%emt 0:00:10]} Qd4+ {[%emt 0:00:15]} 21. Kh1 {[%emt 0:00:01]} Qxb2 {[%emt 0:00:05]} 22. Rd1 {[%emt 0:00:09]} Qf6 {[%emt 0:00:10]} 23. Rd6 {[%emt 0:00:14]} Qe7 {[%emt 0:00:10]} 24. Qc3+ {[%emt 0:00:12]} Kg8 {[%emt 0:00:14]} 25. Qxc5 {[%emt 0:00:03]} Nxa5 {[%emt 0:00:04]} 26. Ba2 {[%emt 0:00:06]} b6 {[%emt 0:00:04]} 27. Qxb6 {[%emt 0:00:06]} Kg7 {[%emt 0:00:03]} 28. exf5 {[%emt 0:00:03]} exf5 {[%emt 0:00:02]} 29. Rdd1 {[%emt 0:00:10]} Nb7 {[%emt 0:00:02]} 30. Rfe1 {[%emt 0:00:02]} Qf6 {[%emt 0:00:01]} 31. Qc7+ {[%emt 0:00:01]} Kh8 {[%emt 0:00:01]} 32. Bd5 {[%emt 0:00:04]} Ra7 {[%emt 0:00:02]} 33. Bc6 {[%emt 0:00:05]} Nc5 {[%emt 0:00:06]} 34. Qxa7 {[%emt 0:00:03]} Qxc6 {[%emt 0:00:01]} 35. Re7 {[%emt 0:00:06]} Bb7 {[%emt 0:00:01]} 36. Rxb7 {[%emt 0:00:14]} Qxb7 {[%emt 0:00:02]} 37. Qxc5 {[%emt 0:00:01]} Re8 {[%emt 0:00:01]} 38. Qd4+ {[%emt 0:00:03] gb_23 resigns (Lag: Av=0.89s, max=1.3s)} 1-0

[Event "Silkway Cup"]
[Site "T#646345FIDE"]
[Date "2020.05.26"]
[Round "4"]
[White "Rasulov Vugar"]
[Black "Chepaschess"]
[Result "1/2-1/2"]
[WhiteElo "2021"]
[BlackElo "1964"]
[PlyCount "51"]
[EventDate "2020.05.26"]
[EventType "swiss (blitz)"]

1. e4 {[%emt 0:00:03]} c6 {[%emt 0:00:01]} 2. d4 {[%emt 0:00:03]} d5 {[%emt 0:00:01]} 3. Nc3 {[%emt 0:00:01]} dxe4 {[%emt 0:00:01]} 4. Nxe4 {[%emt 0:00:00]} Nf6 {[%emt 0:00:00]} 5. Nxf6+ {[%emt 0:00:02]} exf6 {[%emt 0:00:00]} 6. Bc4 {[%emt 0:00:01]} Bd6 {[%emt 0:00:03]} 7. Qe2+ {[%emt 0:00:01]} Be7 {[%emt 0:00:01]} 8. Nf3 {[%emt 0:00:10]} O-O {[%emt 0:00:01]} 9. O-O {[%emt 0:00:01]} Nd7 {[%emt 0:00:04]} 10. h3 {[%emt 0:00:05]} Re8 {[%emt 0:00:01]} 11. c3 {[%emt 0:00:12]} Bd6 {[%emt 0:00:06]} 12. Qc2 {[%emt 0:00:04]} Nf8 {[%emt 0:00:02]} 13. a4 {[%emt 0:00:05]} a5 {[%emt 0:00:03]} 14. Be3 {[%emt 0:00:04]} Ng6 {[%emt 0:00:10]} 15. Rfe1 {[%emt 0:00:03]} Be6 {[%emt 0:00:12]} 16. Bxe6 {[%emt 0:00:11]} Rxe6 {[%emt 0:00:00]} 17. Bd2 {[%emt 0:00:01]} Qd7 {[%emt 0:00:06]} 18. Rxe6 {[%emt 0:00:03]} Qxe6 {[%emt 0:00:00]} 19. Re1 {[%emt 0:00:02]} Qd7 {[%emt 0:00:01]} 20. Qb3 {[%emt 0:00:24]} h5 {[%emt 0:00:14]} 21. Kf1 {[%emt 0:00:12]} Nf8 {[%emt 0:00:12]} 22. d5 {[%emt 0:00:08]} Bc5 {[%emt 0:00:11]} 23. dxc6 {[%emt 0:00:06]} Qxc6 {[%emt 0:00:00]} 24. Qb5 {[%emt 0:00:09]} Qxb5+ {[%emt 0:00:16]} 25. axb5 {[%emt 0:00:00]} Rd8 {[%emt 0:00:04]} 26. Ra1 {[%emt 0:00:10] Rasulov Vugar beraberlik teklif ediyor (Lag: Av=0.80s, max=1.4s)} 1/2-1/2